000 00641nam a22001937a 4500
005 20251108175746.0
008 250721s2016 xx 000 0 ara d
082 1 4 _aط/ق/شاع
100 1 _aالشاعر، هدى
245 1 0 _aأحتاجه عندما أصغر /
264 1 _aالشارقة - الامارات :
_bسما للنشر و الانتاج و التوزيع،
_c2016.
300 _a33ص.
650 1 7 _aادب الاطفال
650 1 7 _aالقصص القصيرة
653 _aاطفال مرحلة متوسطة (6ـ9)سنوات
700 1 _aغرايبة، جهاد
_eرسام
942 _2ddc
_cBK
999 _c141702
_d141702